000 00515nam a2200181Ia 4500
008 240925s9999 xx 000 0 und d
020 _a9780071267823
082 _a005.1 PRE
100 _aPressman, Roger S.
245 0 _aSoftware Engineering: a practitioner's approach
250 _a7th
260 _aBoston:
_bMC Graw-Hill
_c,2009.
300 _axxxi,923p.
_bNA
_fOriginal
500 _aIncludes Index
600 _aComputer Science
650 _aComputer science, information & general works
942 _cBK
999 _c10583
_d10583